Statistics for Song Lyrics Rammstein - Zick Zack

Click here to take the quiz!

General Stats

  • This quiz has been taken 10 times
    (6 since last reset)
  • The average score is 137 of 211

Answer Stats

Answer% Correct
ab
100%
größer,
100%
härter
100%
schön
100%
Zack
100%
Zick
100%
aus
83%
Aus-
83%
Brüste
83%
das
83%
Deine
83%
den
83%
die
83%
du
83%
es
83%
fein
83%
geht
83%
klein
83%
knapp
83%
Penis
83%
Rippen
83%
schneid
83%
Schöner,
83%
sieht
83%
Silikon
83%
sind
83%
Sonne
83%
Und
83%
und
83%
wieder
83%
wir
83%
Wir
83%
zu
83%
zwei
83%
Zwei
83%
alt
67%
Augen
67%
basteln
67%
bis
67%
Botox
67%
Doch
67%
Faden,
67%
Fett
67%
Gehirn
67%
glatter,
67%
in
67%
In
67%
ins
67%
jetzt
67%
kurz
67%
langsam
67%
Licht
67%
Lippen
67%
Nadel,
67%
Nase
67%
nicht
67%
ohne
67%
Pfund
67%
rasch
67%
rein
67%
Säcke
67%
Schere,
67%
Schmerzen
67%
schneiden
67%
Stirn
67%
Straffer,
67%
Tack
67%
Tick
67%
weg,
67%
weg-
67%
Zeit
67%
Alles
50%
auch
50%
bist
50%
Der
50%
der
50%
entfernen
50%
Frau
50%
ganz
50%
im
50%
Kann
50%
läuft
50%
leiden
50%
man
50%
Mann
50%
muss
50%
Nacken
50%
Schlauchboot
50%
sein
50%
sowieso
50%
stärker
50%
straffen,
50%
von
50%
wegsaugen
50%
Wer
50%
wirst
50%
zieh'n
50%
abschneiden
33%
Bauchfett
33%
bescheiden
33%
Biotonne
33%
Eitelkeit
33%
Falten
33%
Ist
33%
ist
33%
Kilo
33%
Kinn
33%
liften
33%
Messer,
33%
nie
33%
Reiterhose
33%
Schlaffe
33%
Sieben
33%
Tupfer,
33%
überm
33%
Vollnarkose
33%
Wangen
33%
Wangen,
33%
will,
33%
aktuell
17%
am
17%
fräsen,
17%
froh
17%
Gefräß
17%
Gesäß
17%
Implantate
17%
Jochbein
17%
rascheln
17%
schnitzen
17%
sehr
17%
Skalpell
17%
Sondermüll
17%
spritzen
17%
Vorhaut
17%

Score Distribution

Percentile by Number Answered

Percent of People with Each Score

Your Score History

You have not taken this quiz since the last reset